A tigress of Kilinochchi (Record no. 5377)
[ view plain ]
| 000 -LEADER | |
|---|---|
| fixed length control field | 00732nam a2200157Ia 4500 |
| 005 - DATE AND TIME OF LATEST TRANSACTION | |
| control field | 20241029030019.0 |
| 008 - FIXED-LENGTH DATA ELEMENTS--GENERAL INFORMATION | |
| fixed length control field | 240331s9999 xx 000 0 und d |
| 020 ## - INTERNATIONAL STANDARD BOOK NUMBER | |
| ISBN | 9789555236102 |
| 082 ## - DDC Classification | |
| Item Number - Author Mark | DEC |
| Class No. | 823 |
| 100 ## - MAIN ENTRY--PERSONAL NAME | |
| Personal name | De Chickera, L |
| 245 #2 - TITLE STATEMENT | |
| Title | A tigress of Kilinochchi |
| 260 ## - PUBLICATION, DISTRIBUTION, ETC. | |
| Place of publication, distribution, etc. | Dehiwala |
| Name of publisher, distributor, etc. | Lakshman de Chickera |
| Date of publication, distribution, etc. | 2010 |
| 300 ## - PHYSICAL DESCRIPTION | |
| Extent (e.g. Volumes, Pages etc.) | 240 p ., |
| 500 ## - GENERAL NOTE | |
| General note | A Tigress of Kilinochchi takes center stage in the book, and is a tale of a young Tamil family struggling to make ends meet in the Big City and are caught up in the tragic travails of the Ethnic War where the Mother is gang raped and murdered after which the two adolescent daughters go different ways, one seeking revenge, the other extending forgiveness. |
| 942 ## - Koha item type (Biblio) | |
| Koha item type | Books in Stacks (Lending) |
| Lost status | Damaged status | Collection code | Home library | Current library | Shelving location | Date acquired | Full call number | Accession Number | Item type |
|---|---|---|---|---|---|---|---|---|---|
| Lending | WERC Library | WERC Library | Social Science Cupboard | 03/31/2024 | 823 DEC | 6607 | Books in Stacks (Lending) |
